000 00317nam a22001337a 4500
003 OSt
008 250128b |||||||| |||| 00| 0 eng d
041 _aeng
100 _aGite, LP
_95437
245 _aSowing and Fertilizer Application Equipment of India
260 _c1981.
700 _aPatra, SK
_97011
942 _cBK
999 _c19160
_d19160